LEADER 01350nam 2200457 450 001 9910155407703321 005 20220519084559.0 010 $a3-406-69264-8 035 $a(CKB)3710000000974626 035 $a(MiAaPQ)EBC4772704 035 $a(MiAaPQ)EBC6988664 035 $a(Au-PeEL)EBL6988664 035 $a(EXLCZ)993710000000974626 100 $a20170105h20102010 uy 0 101 0 $ager 135 $aurcnu|||||||| 181 $2rdacontent 182 $2rdamedia 183 $2rdacarrier 200 10$aGeschichte der deutschen migration $eVom Mittelalter bis heute /$fDirk Hoerder 205 $a1. Auflage. 210 1$aMu?nchen, [Germany] :$cVerlag C.H Beck,$d2010. 210 4$dİ2010 215 $a1 online resource (128 pages) 225 1 $aC.H.Beck Wissen 311 $a3-406-58794-1 320 $aIncludes bibliographical references and index. 410 0$aBeck'sche Reihe.$pWissen. 606 $aMigration, Internal$zGermany 606 $aEmigration and immigration$zGermany 615 0$aMigration, Internal 615 0$aEmigration and immigration 676 $a304.80943 700 $aHoerder$b Dirk$0134075 801 0$bMiAaPQ 801 1$bMiAaPQ 801 2$bMiAaPQ 906 $aBOOK 912 $a9910155407703321 996 $aGeschichte der deutschen Migration$9760750 997 $aUNINA LEADER 01722nam 2200493 450 001 9910705378003321 005 20140428140812.0 035 $a(CKB)5470000002449594 035 $a(OCoLC)878416256 035 $a(EXLCZ)995470000002449594 100 $a20140428d1988 ua 0 101 0 $aeng 135 $aurbn||||||||| 181 $ctxt$2rdacontent 182 $cc$2rdamedia 183 $acr$2rdacarrier 200 10$aMultigrid method for stability problems /$fShlomo Ta'asan 210 1$aHampton, Virginia :$cInstitute for Computer Applications in Science and Engineering, NASA Langley Research Center,$d1988. 215 $a1 online resource (i, 15 pages) 225 1 $aNASA contractor report ;$v181711, 185825 225 1 $aICASE report ;$vno. 88-50 300 $aTitle from title screen (viewed on Apr. 28, 2014). 300 $a"September 1988." 320 $aIncludes bibliographical references (pages 13-14). 606 $aComputational fluid dynamics$2nasat 606 $aComputational grids$2nasat 606 $aFlow stability$2nasat 606 $aProblem solving$2nasat 606 $aSteady state$2nasat 615 7$aComputational fluid dynamics. 615 7$aComputational grids. 615 7$aFlow stability. 615 7$aProblem solving. 615 7$aSteady state. 700 $aTa'asan$b Shlomo$01408001 712 02$aInstitute for Computer Applications in Science and Engineering, 712 02$aLangley Research Center, 712 02$aUnited States.$bAir Force.$bOffice of Scientific Research, 801 0$bGPO 801 1$bGPO 906 $aBOOK 912 $a9910705378003321 996 $aMultigrid method for stability problems$93515715 997 $aUNINA